00424nam a22001457a 4500003000400000082001600004100001400020245006300034260003700097300001000134546001200144650004900156650003700205650003600242OSt a658bBOR/FO aBora, P M aFood administration in India:b a study of an Indian state aDelhibAjanta Publicationsc1982 a262p. aEnglish aOrganisational set up of food administration aEvolution of food administration aRationale of state intervention